Regional centers of Czechia - Sudden death - Statistics

General Stats
  • This quiz has been taken 21 times
  • The average score is 9 of 13
Answers on the Grid
Answers color-coded by a green-red scale on the quiz's grid according to % correct below.
Balaton
Banská Bystrica
Bratislava
Brno
České Budějovice
Havířov
Hodonín
Hradec Králové
Hunedoara
Jihlava
Karlovy Vary
Karviná
Kladno
Košice
Liberec
Lviv
Malacky
Mladá Boleslav
Olomouc
Ostrava
Pardubice
Plzeň
Poznan
Praha
Prahova
Příbram
Ústí nad Labem
Wroclaw
Zemplín
Zlín
 
Answer Stats
Answer % Correct
Brno
79%
České Budějovice
79%
Praha
79%
Olomouc
71%
Ostrava
71%
Plzeň
71%
Hradec Králové
64%
Liberec
64%
Pardubice
64%
Zlín
64%
Karlovy Vary
57%
Ústí nad Labem
57%
Jihlava
50%
No matching quizzes found
Score Distribution
Percent of People with Each Score
Percentile by Number Answered
Your Score History
You have not taken this quiz